Smlouva o sdružení podnikatelů. 2.

Pokračovanie výkladu jednotlivých ustanovení občianskeho zákonníka týkajúcich sa zmluvy o združení v aplikácii na podnikateľskú činnosť. Paragrafy 833 až 841.

Na minha lista:
Detalhes bibliográficos
Autor principal: Nesnídal, Jiří
Formato: Capítulo de Livro
Idioma:tcheco
Assuntos:
Tags: Adicionar Tag
Sem tags, seja o primeiro a adicionar uma tag!

MARC

LEADER 00000naa a2200000 4500
001 r010526
005 20220831084124.1
041 0 |a cze 
044 |a [CS] 
245 1 0 |a Smlouva o sdružení podnikatelů. 2.  |c Jiří Nesnídal 
520 |a Pokračovanie výkladu jednotlivých ustanovení občianskeho zákonníka týkajúcich sa zmluvy o združení v aplikácii na podnikateľskú činnosť. Paragrafy 833 až 841. 
610 2 0 |a zákonník občiansky 
610 2 0 |a podnikanie 
610 2 0 |a podnikatelia 
610 2 0 |a združenia 
610 2 0 |a zmluvy 
100 1 |a Nesnídal, Jiří